Normal view
MARC view
- Phatak,Arvind/rabi s. bhagat/roger j. kashlak
Entry Personal Name
001 - CONTROL NUMBER
- control field: 493
003 - CONTROL NUMBER IDENTIFIER
- control field: JO-AjAnu
005 - DATE AND TIME OF LATEST TRANSACTION
- control field: 20230606070403.0
008 - FIXED-LENGTH DATA ELEMENTS
- fixed length control field: 230606|| aca||aabn | a|a d
040 ## - CATALOGING SOURCE
- Original cataloging agency: JO-AjAnu
- Transcribing agency: JO-AjAnu
100 ## - HEADING--PERSONAL NAME
- Personal name: Phatak,Arvind/rabi s. bhagat/roger j. kashlak
670 ## - SOURCE DATA FOUND
- Source citation: Work cat.: (JO-AjAnu)263: Phatak,Arvind/rabi s. bhagat/roger j. kashlak, author, International Management: managin in diverse and dynamic global enveronment